Prínosy Južného spoločného trhu k subkontinetálnej integrácii diplomová práca

Enregistré dans:
Détails bibliographiques
Auteur principal: Mravíková, Andrea
Collectivité auteur: Obchodná fakulta EU. Katedra medzinárodného obchodu
Autres auteurs: Kosír, Igor
Format: Livre
Langue:slovaque
Publié: Bratislava 2009
Tags: Ajouter un tag
Pas de tags, Soyez le premier à ajouter un tag!

MARC

LEADER 00000nam$a2200000$$$4500
001 0100864
005 20240318133823.1
041 0 |a slo 
044 |a SK 
245 1 0 |a Prínosy Južného spoločného trhu k subkontinetálnej integrácii  |b diplomová práca  |c Andrea Mravíková ; škol. Igor Kosír 
264 1 |a Bratislava  |c 2009 
300 |a 77 s. 
100 1 |a Mravíková, Andrea 
700 1 |a Kosír, Igor 
710 2 |a Obchodná fakulta EU. Katedra medzinárodného obchodu